Избранные сочинения (Запись № 7264658)

Подробности
000 -МАРКЕР
контрольное поле 01553nam1a22003371i 4500
001 - ИДЕНТИФИКАТОР ЗАПИСИ
контрольное поле rc\3020512
005 - ИДЕНТИФИКАТОР ВЕРСИИ
контрольное поле 20260406113854.0
035 ## - ДРУГИЕ СИСТЕМНЫЕ НОМЕРА
Идентификатор записи (NLR Aleph) 007162614
100 ## - ДАННЫЕ ОБЩЕЙ ОБРАБОТКИ
Данные общей обработки 20080304d1935 |||y0rusy50 ca
101 0# - ЯЗЫК РЕСУРСА
Язык текста, звукозаписи и т.д. русский
102 ## - СТРАНА ПУБЛИКАЦИИ ИЛИ ПРОИЗВОДСТВА
Страна публикации Российская Федерация
105 ## - ПОЛЕ КОДИРОВАННЫХ ДАННЫХ: ТЕКСТОВЫЕ МАТЕРИАЛЫ, МОНОГРАФИЧЕСКИЕ
Кодированные данные о монографическом текстовом документе y z ||||y
200 1# - ЗАГЛАВИЕ И СВЕДЕНИЯ ОБ ОТВЕТСТВЕННОСТИ
Основное заглавие Избранные сочинения
Сведения, относящиеся к заглавию В 5 томах. Т. 1-
Первые сведения об ответственности Д.Н. Мамин-Сибиряк
210 ## - ПУБЛИКАЦИЯ, РАСПРОСТРАНЕНИЕ И ДР.
Место издания, распространения и т.д. Свердловск
Имя издателя, распространителя и т. д. Свердлгиз
Дата издания, распространения и т.д. 1935
Имя изготовителя тип. треста "Полиграфкнига"
215 ## - ФИЗИЧЕСКАЯ ХАРАКТЕРИСТИКА
Размеры 23×16 см
300 ## - ОБЩИЕ ПРИМЕЧАНИЯ
Текст примечания Супер-обл. и портр.: Г.А. Иванов
300 ## - ОБЩИЕ ПРИМЕЧАНИЯ
Текст примечания Переплет и форзац: В. Свитальский
300 ## - ОБЩИЕ ПРИМЕЧАНИЯ
Текст примечания Ил.: Жуков
300 ## - ОБЩИЕ ПРИМЕЧАНИЯ
Текст примечания Заставка и концовки: П.М. Моренин
327 0# - ПРИМЕЧАНИЯ О СОДЕРЖАНИИ
Текст примечания Вступ. статья: "Мамин-Сибиряк". А.С. Ладейщиков и К.В. Боголюбов
464 #0 - АНАЛИТИЧЕСКИЙ УРОВЕНЬ
Встроенное поле 2001#$aД. Н. Мамин-Сибиряк
-- 700#1$aЛадейщиков$bА. С.$4070
-- 701#1$aБоголюбов$bК. В.$4070
Заглавие Д. Н. Мамин-Сибиряк
Автор Ладейщиков, А. С.
700 #1 - ИМЯ ЛИЦА - ПЕРВИЧНАЯ ОТВЕТСТВЕННОСТЬ
Код отношения Автор
Материалы, к которым относится поле rus
Графика поля Кириллица
Начальный элемент ввода Мамин-Сибиряк
Часть имени, кроме начального элемента ввода Д. Н.
Даты 1852-1912
Расширение инициалов личного имени Дмитрий Наркисович
Идентификатор авторитетной/нормативной записи RU\NLR\AUTH\77149
Системный номер авторитетной/нормативной записи 110226
702 #1 - ИМЯ ЛИЦА - ВТОРИЧНАЯ ОТВЕТСТВЕННОСТЬ
Начальный элемент ввода Иванов
Часть имени, кроме начального элемента ввода Г.А.
Код отношения Прочие
702 #1 - ИМЯ ЛИЦА - ВТОРИЧНАЯ ОТВЕТСТВЕННОСТЬ
Начальный элемент ввода Свитальский
Часть имени, кроме начального элемента ввода В.
Код отношения Прочие
702 #1 - ИМЯ ЛИЦА - ВТОРИЧНАЯ ОТВЕТСТВЕННОСТЬ
Начальный элемент ввода Жуков
Часть имени, кроме начального элемента ввода А.
Код отношения Иллюстратор
702 #1 - ИМЯ ЛИЦА - ВТОРИЧНАЯ ОТВЕТСТВЕННОСТЬ
Начальный элемент ввода Моренин
Часть имени, кроме начального элемента ввода П.М.
Код отношения Прочие
801 #0 - ИСТОЧНИК ЗАПИСИ
Страна Российская Федерация
Организация NLR
Правила каталогизации psbo
801 #1 - ИСТОЧНИК ЗАПИСИ
Страна Российская Федерация
Организация ELAR
Источник данных rusmarc
852 ## - МЕСТОНАХОЖДЕНИЕ И ШИФР ХРАНЕНИЯ
Идентификатор организации NLR
Шифр хранения (Call Number) 35-18/122(1)
942 ## - ДОПОЛНИТЕЛЬНЫЕ ЭЛЕМЕНТЫ ЗАПИСИ (АБИС)
Тип экземпляра АБИС Книга

Нет доступных экземпляров.